000
00285nam a2200109Ia 4500
008
230907s9999||||xx |||||||||||||| ||und||
082
_a
363.73874
_b
KER
100
_a
Gines, Julie K.,
_9
116171
245
0
_a
Introduction to energy and climate :
300
_a
xxi, 461 pages
942
_c
BK
999
_c
601438
_d
601438